000 00408nam a22001337a 4500
008 241015b |||||||| |||| 00| 0 eng d
020 _a9789966062291
050 _aBV4935
_b.N75
100 _aNtlha, Moss
245 _aOut of the Shadows of African traditional religion :
_bChrist's deliverance of a Sangoma /by
_cMoss Ntlha
260 _aNigeria
_bHippoBooks
_c2017
300 _axii, 89p.
942 _2lcc
_cBK
999 _c20527
_d20526